Проект описи экспонатов Русского военно-исторического музея

RUSMARC
00004846cbm2a2200000#x 450
00163a0af56-a51c-4245-b62c-1eec601d1514
00520220119102432.0
100##$a20140527l19081908k l0rusy0189 ca
1010#$arus
102##$aRU
2001#$aПроект описи экспонатов Русского военно-исторического музея
$eписьмо председателя Комитета по устройству Русского военно-исторического музея генерала Н. Н. Сухотина Д. И. Иловайскому с препровождением проекта "Описи" и с просьбой составить свои замечания
$j14 февраля 1908 г.
251##$cДело
300##$aМашинописный текст
801#0$aRU
$bРГИА
$c20140527
801#1$aRU
$bГлавНИВЦ
$c20140527
$2rusmarc
801#2$aRU
$bПБ им. Б.Н. Ельцина
$c20160809
$gRCR
$2rusmarc
850##$aФедеральное казенное учреждение "Российский государственный исторический архив"
852##$aРГИА
$j20
937##$hРГИА
$d11347671
$aASBIBLIO_SCAN
462#0$100150efec89-2138-4edd-bcdd-b9142e4e5e1f
$12001
$aОпись архива Дмитрия Ивановича Иловайского
$vД. 20
$1251
$cОпись
$1852
$j1
461#0$1001d8e0ae1d-e84f-4e6e-adb4-e65ece6de002
$12001
$aИловайский Дмитрий Иванович (1832-1920), профессор истории Московского университета, редактор-издатель газеты "Кремль"
$1251
$cФонд
$1852
$j1636
215##$a22 листа
$d36,5х26 см
371##$aДокумент не является опубликованным и широко распространяемым
105##$ay###
1220#$ad19080214##
035##$a63a0af56-a51c-4245-b62c-1eec601d1514
60102$aВоенно-исторический музей в память Отечественной войны 1812 года
$cСанкт-Петербург, город
$xПроекты
$jАрхивные дела
$2prlib_sh
$3LIBNET\UAF\0000016401
605##$2acquisition_Prlib
$3DITM\AF\0000003834
$aНарод
$lколлекция
605##$2acquisition_Prlib
$3LIBNET\UAF\0000098433
$aД. И. Иловайский
$lколлекция
686##$a79.17ю11
$2rubbk
$vLBC/M
686##$a63.3(2)53-7ю11
$2rubbk
$vLBC/M
Формат отображения